The transformation of the Roman World : AD 400-900 /

Saved in:
Bibliographic Details
Corporate Authors: British Museum, European Science Foundation
Other Authors: Brown, Michelle, Webster, Leslie
Format: Book
Language:English
Published: London : British Museum Press, c1997.
Subjects:
LEADER 01497nam a2200361 a 4500
001 c000302374
003 CARM
005 20061111054907.0
008 970807s1997 enka b 00000 eng d
019 1 |a 13272660  |5 LACONCORD2021 
020 |a 0714105856 
035 |a (OCoLC)36642297  |5 LACONCORD2021 
040 |a NBDPL  |c NBDPL 
082 0 4 |a 909  |2 21 
245 0 4 |a The transformation of the Roman World :  |b AD 400-900 /  |c edited by Leslie Webster and Michelle Brown. 
260 |a London :  |b British Museum Press,  |c c1997. 
300 |a 258 p., [69 p.] of col. plates :  |b ill. ;  |c 25 cm. 
500 |a "Transformation of the Roman World programme is a European Science Foundation Research Project"- verso. 
500 |a Includes catalogues of related exhibitions in London, Cologne, Thessaloniki, Leiden and Stockholm. 
500 |a Includes index. 
504 |a Bibliography: p. 249-255. 
650 0 |a Civilization, Medieval. 
651 0 |a Byzantine Empire  |x History  |y 527-1081. 
651 0 |a Byzantine Empire  |x History  |y To 527. 
651 0 |a Europe  |x Antiquities  |x Exhibitions. 
651 0 |a Europe  |x History  |y 392-814. 
700 1 |a Brown, Michelle. 
700 1 |a Webster, Leslie. 
710 2 |a British Museum. 
710 2 |a European Science Foundation. 
852 8 |b CARM  |h A3:AF26F0  |i C12425  |p 0548513  |f BK 
999 f f |i 71295ac4-412d-50ac-ba10-3224a9e34011  |s 82c4bd42-2a6c-51b1-bf8f-007f63c5903a 
952 f f |p Can circulate  |a CAVAL  |b CAVAL  |c CAVAL  |d CARM 1 Store  |e C12425  |f A3:AF26F0  |h Other scheme  |i book  |m 0548513